| 000 | 00478nam a2200169 4500 | ||
|---|---|---|---|
| 001 | 136845 | ||
| 003 | ES-MaACL | ||
| 005 | 20230906195236.0 | ||
| 007 | t| | ||
| 008 | 070214s1979 sp r ||||1| spa d | ||
| 245 | 0 | 0 |
_aAntropologías del siglo XX / _cdirigido por Juan de Sahagún Lucas. |
| 250 | _a2ª. ed. | ||
| 260 |
_aSalamanca : _bSígueme, _c1979. |
||
| 300 |
_a277 p. ; _c22 cm. |
||
| 700 | 1 |
_aLucas, Juan de Sahagún. _974534 |
|
| 852 |
_aES-MaACL _jA-10143 _bR.99396 |
||
| 999 |
_c136845 _d136845 |
||